Technical writing and professional communication : for nonnative speakers of English (Record no. 70177)

000 -LEADER
fixed length control field 01017pam a2200289 a 4500
001 - CONTROL NUMBER
control field 3871157
003 - CONTROL NUMBER IDENTIFIER
control field NUST - PNEC
005 - DATE AND TIME OF LATEST TRANSACTION
control field 20170116181135.0
008 - FIXED-LENGTH DATA ELEMENTS--GENERAL INFORMATION
fixed length control field 890905s1991 nyua b 001 0 eng
010 ## - LIBRARY OF CONGRESS CONTROL NUMBER
LC control number 89014590
020 ## - INTERNATIONAL STANDARD BOOK NUMBER
International Standard Book Number 007030825X :
040 ## - CATALOGING SOURCE
Transcribing agency LIBRARY
050 00 - LIBRARY OF CONGRESS CALL NUMBER
Classification number T11
Item number .H823 1991
082 00 - DEWEY DECIMAL CLASSIFICATION NUMBER
Classification number 808.0666021 HUC
Edition number 20
100 1# - MAIN ENTRY--PERSONAL NAME
Personal name Huckin, Thomas N.
245 10 - TITLE STATEMENT
Title Technical writing and professional communication : for nonnative speakers of English
Statement of responsibility, etc. Thomas N. Huckin, Leslie A. Olsen.
250 ## - EDITION STATEMENT
Edition statement 2nd ed.
260 ## - PUBLICATION, DISTRIBUTION, ETC.
Place of publication, distribution, etc. New York :
Name of publisher, distributor, etc. McGraw-Hill,
Date of publication, distribution, etc. c1991.
300 ## - PHYSICAL DESCRIPTION
Extent xxii, 746 p. :
Other physical details ill. ;
Dimensions 24 cm.
500 ## - GENERAL NOTE
General note Rev. ed. of: English for science and technology / Thomas N. Huckin, Leslie A. Olsen. c1983.
504 ## - BIBLIOGRAPHY, ETC. NOTE
Bibliography, etc. note Includes bibliographical references and indexes.
650 #0 - SUBJECT ADDED ENTRY--TOPICAL TERM
Topical term or geographic name entry element Technical writing
650 #0 - SUBJECT ADDED ENTRY--TOPICAL TERM
Topical term or geographic name entry element English language
General subdivision General
906 ## - LOCAL DATA ELEMENT F, LDF (RLIN)
a 7
b cbc
c orignew
d 1
e ocip
f 19
g y-gencatlg
942 ## - ADDED ENTRY ELEMENTS (KOHA)
Source of classification or shelving scheme
Koha item type Book
Holdings
Withdrawn status Lost status Source of classification or shelving scheme Damaged status Not for loan Permanent Location Current Location Shelving location Date acquired Total Checkouts Full call number Barcode Date last seen Price effective from Koha item type
          Pakistan Navy Engineering College (PNEC) Pakistan Navy Engineering College (PNEC)       808.0666021 HUC PNECLIB-017063 10/07/2015   Book
          Pakistan Navy Engineering College (PNEC) Pakistan Navy Engineering College (PNEC)       808.0666021 HUC PNECLIB-017061 10/08/2015   Book
© 2023 Central Library, National University of Sciences and Technology. All Rights Reserved.